000
00277nam a22001337a 4500
008
170818b xxu||||| |||| 00| 0 eng d
020
_a
003578019
041
_a
eng
080
_2
2ND
_a
51
100
_a
37
101
_a
MAT
245
_a
ALGEBRA
_c
FLANDERS,H
942
_2
udc
_c
BK
999
_c
24077
_d
24077